书目信息 |
| 题名: |
生态护坡理论与技术
|
|
| 作者: | 肖衡林 著 | |
| 分册: | ||
| 出版信息: | 北京 中国水利水电出版社 2017.12 |
|
| 页数: | 202页 | |
| 开本: | 24cm | |
| 丛书名: | ||
| 单 册: | ||
| 中图分类: | U417.1 | |
| 科图分类: | ||
| 主题词: | 护坡 | |
| 电子资源: | ||
| ISBN: | 978-7-5170-5359-0 | |
| 000 | 00920nam0 2200217 450 | |
| 001 | 5282 | |
| 005 | 20181014165935.68 | |
| 010 | @a978-7-5170-5359-0@dCNY70.00 | |
| 100 | @a20180819d2017 em y0chiy50 ea | |
| 101 | 0 | @achi |
| 102 | @aCN@b110000 | |
| 105 | @aa z 000yy | |
| 200 | 1 | @a生态护坡理论与技术@9sheng tai hu po li lun yu ji shu@f肖衡林[等]著 |
| 210 | @a北京@c中国水利水电出版社@d2017.12 | |
| 215 | @a202页@c图@d24cm | |
| 330 | @a本书分为四部分:绪论,基材性质及研发,边坡生态稳定性研究,边坡生态防护力学稳定性研究。具体内容包括:边坡与生态护坡,研究现状及发展趋势,基材性质研究,新型基材开发——垃圾焚烧飞灰基材,边坡生态防护生态稳定性研究,植物根系形态分布与根系力学性能研究,根系—土复合体强度试验研究,生态护坡力学稳定理论分析,生态护坡稳定性有限元分析。 | |
| 606 | 0 | @a护坡 |
| 690 | @aU417.1@v5 | |
| 701 | 0 | @a肖衡林@9xiao heng lin@4著 |
| 801 | 0 | @aCN@b91MARC@c20180819 |
| 905 | @aMuseLib@dU417.1@e803 | |
| 生态护坡理论与技术/肖衡林[等]著.-北京:中国水利水电出版社,2017.12 |
| 202页:图;24cm |
| ISBN 978-7-5170-5359-0:CNY70.00 |
| 本书分为四部分:绪论,基材性质及研发,边坡生态稳定性研究,边坡生态防护力学稳定性研究。具体内容包括:边坡与生态护坡,研究现状及发展趋势,基材性质研究,新型基材开发——垃圾焚烧飞灰基材,边坡生态防护生态稳定性研究,植物根系形态分布与根系力学性能研究,根系—土复合体强度试验研究,生态护坡力学稳定理论分析,生态护坡稳定性有限元分析。 |
| ● |
| 相关链接 |
|
|
|
|
正题名:生态护坡理论与技术
索取号:U417.1/803
 
预约/预借
| 序号 | 登录号 | 条形码 | 馆藏地/架位号 | 状态 | 备注 |
| 1 | 1128969 | 211289693 | 第二样本阅览室/ [索取号:U417.1/803] | 在馆 | |
| 2 | 1128970 | 211289700 | 第三借阅区/ [索取号:U417.1/803] | 在馆 | |
| 3 | 1128971 | 211289719 | 密集书库-生命科学系/ [索取号:U417.1/803] | 在馆 | |
| 4 | 1128972 | 211289728 | 第三借阅区/ [索取号:U417.1/803] | 在馆 | |
| 5 | 1128973 | 211289737 | 第三借阅区/ [索取号:U417.1/803] | 在馆 |